|
|
|
|
| LEADER |
00000nas a22000001a 4500 |
| 001 |
vtls010298890 |
| 003 |
SK-MaSNL |
| 005 |
20260228162507.0 |
| 008 |
110809d19301937xo mr p r 0 b0hun |
| 015 |
|
|
|a SNBDS17XX9999
|
| 015 |
|
|
|a 1015
|2 Kipsová 1919-38
|
| 038 |
|
|
|a SNKBUDS
|
| 040 |
|
|
|a SNK
|b slo
|c SNK
|e AACR2
|
| 041 |
0 |
|
|a hun
|
| 044 |
|
|
|a xo
|c SK
|
| 245 |
0 |
0 |
|a Csehszlovák Tanügyi Törvények és Rendeletek Gyűjteménye
|b Az iskola-és népművelésügyi minisztérium hivatalos közlönyének [Věstník] kivonatos magyar fordítása
|
| 260 |
|
|
|a Komárno
|b A szlovenszkói ált. magyar tanítóegyesület
|c 1930-1937
|
| 300 |
|
|
|a 8 roč.
|c 28 x 20 cm
|
| 310 |
|
|
|a 1x mesačne
|
| 362 |
0 |
|
|a Roč. I, č. 1 (1.2.1930)-roč. VIII, č. 12 (15.12.1937)
|
| 500 |
|
|
|a Vych. v Komárne mesačne
|
| 500 |
|
|
|a Zodp. red. Károly Vásárhelyi a Géza Uhereczky; od 4/III (15. apr. 1932) Károly Vásárhelyi
|
| 500 |
|
|
|a Vyd. A szlovenszkói Ált. Magyar Tanítóegyesület
|
| 500 |
|
|
|a Tlač. Sándor Spitzer
|
| 500 |
|
|
|a Vychádzal od 1. februára 1930. Spracovaný je do 15. decembra 1937
|
| 505 |
8 |
0 |
|g Roč. I. 1930 11 čís. 148 s.
|
| 505 |
8 |
0 |
|g Roč. II. 1931 12 čís. 96 s. (index)
|
| 505 |
8 |
0 |
|g Roč. III. 1932 12 čís. 87 s. (index)
|
| 505 |
8 |
0 |
|g Roč. IV. 1933 12 čís. 76 s.
|
| 505 |
8 |
0 |
|g Roč. V. 1934 12 čís. 76 s. (index)
|
| 505 |
8 |
0 |
|g Roč. VI. 1935 12 čís. 62 s.
|
| 505 |
8 |
0 |
|g Roč. VII. 1936 12 čís. 64 s.
|
| 505 |
8 |
0 |
|g Roč. VIII. 1937 12 čís. 56 s.
|
| 520 |
|
|
|a Úradný časopis uverejňujúci školské zákony a nariadenia
|
| 700 |
1 |
|
|a Vásárhelyi, Károly
|4 pbd
|9 271241
|
| 700 |
1 |
|
|a Uhereczky, Géza
|4 pbd
|9 271242
|
| 710 |
2 |
|
|a A szlovenszkói ált. magyar tanítóegyesület
|e vydav.
|9 271243
|
| 710 |
0 |
|
|a Spitzer, Alexander (Komárno, Slovensko),
|d 1890-1938
|9 269749
|
| 852 |
|
|
|a SNK
|b 10000
|h ČSB 184
|
| 852 |
|
|
|a UKB
|b 300000
|h 21 C 3668
|
| 852 |
|
|
|a PANKP
|b 5000000
|h 52 C 513
|
| 999 |
|
|
|c 7956
|d 9886
|